Woman battering : policy responses /

Bibliographic Details
Other Authors: Steinman, Michael
Format: Book
Language:English
Published: Highland Heights, KY : Cincinnati, OH : Academy of Criminal Justice Sciences, Northern Kentucky University ; Anderson Pub. Co., Criminal Justice Division, [1991]
Series:ACJS/Anderson monograph series.
Subjects:

MARC

Tag First Indicator Second Indicator Subfields
LEADER 00000cam a2200000 a 4500
001 in00001007199
005 20150927215004.0
008 910306s1991 kyua b 00000 eng d
010 |a  90084733  
020 |a 0870848070 (pbk.) 
035 |a (OCoLC)23194371 
035 |9 AFD5619AM 
040 |a IAT  |c IAT  |d TXA  |d UtOrBLW 
043 |a n-us--- 
049 |a TXAM 
090 |a HV6626  |b .W63 1991 
245 0 0 |a Woman battering :  |b policy responses /  |c edited by Michael Steinman. 
264 1 |a Highland Heights, KY :  |b Academy of Criminal Justice Sciences, Northern Kentucky University ;  |a Cincinnati, OH :  |b Anderson Pub. Co., Criminal Justice Division,  |c [1991] 
264 4 |c ©1991 
300 |a v, 264 pages :  |b illustrations ;  |c 23 cm. 
336 |a text  |b txt  |2 rdacontent 
337 |a unmediated  |b n  |2 rdamedia 
338 |a volume  |b nc  |2 rdacarrier 
490 1 |a ACJS/Anderson monograph series 
504 |a Includes bibliographical references. 
650 0 |a Wife abuse  |z United States. 
650 0 |a Abused women  |z United States. 
650 0 |a Women  |x Crimes against  |z United States. 
700 1 |a Steinman, Michael. 
830 0 |a ACJS/Anderson monograph series. 
999 |a MARS 
999 f f |s f5c5855b-7946-3f7d-891d-1b176c806ee4  |i aa48fac0-c99a-36e4-b82c-106d65ef9f93  |t 0 
952 f f |p ric  |a Texas A&M University  |b Rellis Campus  |c Joint Library Facility  |d Remote Storage  |t 0  |e HV6626 .W63 1991  |h Library of Congress classification  |i unmediated -- volume  |m A14814375317 
998 f f |a HV6626 .W63 1991  |t 0  |l Remote Storage